Aký je štátny rozpočet SR na rok 1996? 2

Prioritou štátneho rozpočtu SR na r. 1996 je sociálna sféra, bezpečnosť a rozpočtová rezerva. Zdroje pre obce a mestá. Hodnotenie rozpočtu.

Enregistré dans:
Détails bibliographiques
Auteur principal: Baránik, Michal
Format: Chapitre de livre
Langue:slovaque
Sujets:
Tags: Ajouter un tag
Pas de tags, Soyez le premier à ajouter un tag!

MARC

LEADER 00000naa a2200000 4500
001 r018902
005 20221213095605.0
041 0 |a slo 
044 |a SK 
245 1 0 |a Aký je štátny rozpočet SR na rok 1996? 2  |c Michal Baránik 
520 |a Prioritou štátneho rozpočtu SR na r. 1996 je sociálna sféra, bezpečnosť a rozpočtová rezerva. Zdroje pre obce a mestá. Hodnotenie rozpočtu. 
610 2 0 |a Slovensko 
610 2 0 |a 1996 
610 2 0 |a rozpočet štátny 
610 2 0 |a zdravotníctvo 
610 2 0 |a školstvo 
610 2 0 |a mzdy 
610 2 0 |a mestá 
610 2 0 |a obce 
100 1 |a Baránik, Michal